000 00443nam a2200169Ia 4500
003 GCL
008 140319s9999 xx 000 0 ara d
040 _aGCL /
_cGCL
082 0 4 _aط
_b823.02
_bت د
100 1 _aتولستوى، ليو
245 1 0 _aالدببة الثلاثة /
_cتولستوى، ليو
300 _a15 ص
490 _a100 قصة
_v0
650 0 4 _aالاطفال
650 0 4 _aقصص الاطفال
942 _2ddc
_cBK
999 _c45782
_d45782